| 000 | 01529nam a2200277 4500 | ||
|---|---|---|---|
| 001 | ESSALUD | ||
| 005 | 20260703110123.0 | ||
| 007 | ta | ||
| 008 | t pe ||||| |||| 00| 0 spa d | ||
| 040 | _aBMG | ||
| 041 | _aspa | ||
| 100 |
_aTarazana Pineda, Manolo Narciso _eAutor _953135 |
||
| 245 | _aContrato de trabajo con cláusula de confidencialidad | ||
| 300 | _apáginas 214-219 | ||
| 500 | _aDocumento laboral | ||
| 520 | _aEl presente modelo de contrato de trabajo ha sido elaborado bajo un enfoque preventivo y conforme a la normativa laboral vigente, incorporando de manera expresa, diferenciada y destacada una cláusula específica de confidencialidad, la cual ha sido formulada atendiendo a criterios lega les y jurisprudencia les actuales. Dicha cláusula establece con precisión los supuestos de aplicación, las exclusiones razonables, la vigencia temporal de la obligación y las consecuencias jurídicas ante un eventual incumplimiento, evitando automatismos sancionadores y garantizando su compatibilidad con el régimen de faltas graves previsto en nuestra normativa. | ||
| 650 |
_aSECTOR PÚBLICO _91012 |
||
| 650 | _aPRESUPUESTO | ||
| 650 |
_aSERVIDORES _953222 |
||
| 650 | _aCONTRATACIÓN | ||
| 650 | _aCONTRATOS DE TRABAJO | ||
| 650 |
_aCONFIDENCIALIDAD _949425 |
||
| 650 |
_aDERECHO LABORAL _9207 |
||
| 773 | 0 |
_022614 _922623 _dLima Grupo Praxis Formación Profesional, 2026- _oPRALAB001 _tPraxis Laboral & Procesal Laboral _wESSALUD _x3119-768X |
|
| 942 |
_cARTICULOS _e2026-07-02 _zSQB |
||
| 999 |
_c22634 _d22634 |
||